[Event "Mittelrhein Verbandsliga-N 17/18"]
[Site "Nordrheinwestfalen"]
[Date "2017.09.10"]
[Round "1.3"]
[White "Gelsok, Philipp"]
[Black "Kersten, Alexander"]
[Result "1-0"]
[WhiteElo "1937"]
[BlackElo "1926"]
[PlyCount "93"]
[EventDate "2017.09.10"]
[EventType "team-swiss"]
[EventRounds "11"]
[EventCountry "GER"]
[SourceTitle "EXT 2022"]
[Source "ChessBase"]
[SourceDate "2021.10.06"]
[SourceVersion "1"]
[SourceVersionDate "2021.10.06"]
[SourceQuality "1"]
[WhiteTeam "Bergische SF"]
[BlackTeam "Rheinpark BSG"]
[WhiteTeamCountry "GER"]
[BlackTeamCountry "GER"]

1. e4 c5 2. Nc3 g6 3. f4 Bg7 4. Nf3 a6 5. a4 Nc6 6. Bc4 d6 7. 0-0 Nf6 8. d3 Bg4 9. h3 Bxf3 10. Qxf3 Nd4 11. Qf2 0-0 12. Be3 Nd7 13. Nd1 Nb6 14. Ba2 e6 15. c3 Nc6 16. e5 Nd7 17. exd6 b6 18. d4 Rc8 19. dxc5 bxc5 20. Bc4 Qa5 21. Qe2 Ncb8 22. Nf2 Nf6 23. Rfd1 Rfd8 24. f5 gxf5 25. Bf4 Rc6 26. g4 fxg4 27. Nxg4 Rd7 28. Ne5 Qd8 29. Nxc6 Nxc6 30. Qg2 Nh5 31. Bg5 Qc8 32. Qg4 Ne5 33. Qxh5 Nxc4 34. Qg4 Ne5 35. Qg3 Qc6 36. Bf6 Ng6 37. Bxg7 Kxg7 38. h4 h5 39. Rd2 Qe4 40. Re1 Qxh4 41. Qxh4 Nxh4 42. Re3 Ng6 43. Re4 Nf8 44. Rc4 f5 45. Rxc5 Rf7 46. Rc7 Nd7 47. c4 1-0

[Event "Cologne Longerich op-A 11th"]
[Site "Cologne"]
[Date "2014.08.03"]
[Round "5"]
[White "Gelsok, Philipp"]
[Black "Ringeltaube, Denny"]
[Result "1-0"]
[WhiteElo "1877"]
[BlackElo "1754"]
[PlyCount "25"]
[EventDate "2014.08.01"]
[EventType "swiss"]
[EventRounds "5"]
[EventCountry "GER"]
[SourceTitle "EXT 2022"]
[Source "ChessBase"]
[SourceDate "2021.10.06"]
[SourceVersion "1"]
[SourceVersionDate "2021.10.06"]
[SourceQuality "1"]

1. e4 c5 2. Nf3 d6 3. d4 cxd4 4. Nxd4 Nf6 5. Nc3 a6 6. Bc4 e6 7. Bb3 b5 8. 0-0 Be7 9. f4 b4 10. Na4 Nxe4 11. f5 0-0 12. fxe6 f6 13. Bd5 1-0

[Event "Cologne Longerich op-A 11th"]
[Site "Cologne"]
[Date "2014.08.03"]
[Round "4"]
[White "Kuepper, Martin"]
[Black "Gelsok, Philipp"]
[Result "1/2-1/2"]
[WhiteElo "1904"]
[BlackElo "1877"]
[PlyCount "92"]
[EventDate "2014.08.01"]
[EventType "swiss"]
[EventRounds "5"]
[EventCountry "GER"]
[SourceTitle "EXT 2022"]
[Source "ChessBase"]
[SourceDate "2021.10.06"]
[SourceVersion "1"]
[SourceVersionDate "2021.10.06"]
[SourceQuality "1"]

1. e4 Nf6 2. e5 Nd5 3. d4 d6 4. c4 Nb6 5. Nf3 Bg4 6. exd6 exd6 7. Be3 Nc6 8. Be2 Be7 9. Nbd2 d5 10. c5 Nc8 11. 0-0 0-0 12. h3 Bxf3 13. Nxf3 Bf6 14. Rc1 N8e7 15. Bd3 Qd7 16. Qd2 g6 17. Rfe1 Nf5 18. Bxf5 Qxf5 19. Bf4 Qd7 20. Re2 Rfe8 21. Rce1 Rxe2 22. Rxe2 Bg7 23. Qe3 b6 24. cxb6 cxb6 25. Ne5 Nxe5 26. Bxe5 Re8 27. Qd3 Bxe5 28. dxe5 f6 29. exf6 Rxe2 30. Qxe2 Kf7 31. Qe7+ Qxe7 32. fxe7 Kxe7 33. Kf1 Kd6 34. Ke2 Ke5 35. Kd3 g5 36. g3 h5 37. Ke3 h4 38. gxh4 gxh4 39. f4+ Kf5 40. Kd4 Kxf4 41. Kxd5 Kg3 42. Ke4 Kxh3 43. Kf3 Kh2 44. Kf2 Kh3 45. Kf3 Kh2 46. Kf2 h3 1/2-1/2

[Event "Bad Godesberg op 17th"]
[Site "Bad Godesberg"]
[Date "2013.08.04"]
[Round "2"]
[White "Gelsok, Philipp"]
[Black "Opitz, Frank"]
[Result "1-0"]
[WhiteElo "1728"]
[BlackElo "1948"]
[PlyCount "88"]
[EventDate "2013.08.03"]
[EventType "swiss"]
[EventRounds "9"]
[EventCountry "GER"]
[SourceTitle "CBM 155 Extra"]
[Source "ChessBase"]
[SourceDate "2013.08.26"]
[SourceVersion "1"]
[SourceVersionDate "2013.08.26"]
[SourceQuality "1"]

1. Nf3 Nc6 2. e4 e5 3. Bb5 d6 4. d4 Bg4 5. d5 a6 6. dxc6 axb5 7. cxb7 Rb8 8. h3 Bd7 9. 0-0 Nf6 10. Qe2 Rxb7 11. Rd1 Be7 12. Nbd2 0-0 13. Nf1 Qa8 14. Bg5 Bc6 15. Ng3 h6 16. Nf5 Bd8 17. Bxh6 gxh6 18. Qe3 Bxe4 19. N3h4 Bxf5 20. Nxf5 Ne8 21. Qxh6 Qc8 22. Rd3 Qxf5 23. Rg3+ Qg6 24. Rxg6+ fxg6 25. Qxg6+ Ng7 26. Qe4 Rb8 27. b3 Rf4 28. Qd5+ Rf7 29. a4 bxa4 30. Rxa4 Kf8 31. g3 Nf5 32. c3 c6 33. Qxc6 Rxb3 34. Ra8 Ke7 35. Ra7+ Kf6 36. Rxf7+ Kxf7 37. Qd5+ Kf6 38. Qxb3 Ba5 39. c4 Nd4 40. Qd3 Bb6 41. h4 Bc5 42. h5 Nf5 43. g4 Ne7 44. Qh7 e4 1-0